| 000 | 00914cam a2200265 i 4500 | ||
|---|---|---|---|
| 001 | bg | ||
| 003 | KOSZ 005 | ||
| 005 | 20220125124832.0 | ||
| 008 | 971010s1986 pl a f f |000 0 pol | ||
| 015 | _aPB 1989/7521 | ||
| 040 |
_aWA N _cKOSZ 005/HR _dKOSZ 005/HR |
||
| 080 | _a532 | ||
| 080 | _a(075.8) | ||
| 100 | 1 |
_aLubczyńska, Urszula _eAutor |
|
| 245 | 1 | 0 |
_aHydraulika / _cUrszula Lubczyńska. |
| 260 |
_aKielce : _bPŚ, _c1986. |
||
| 300 |
_a250, [1] s., [6] s. tabl. : _brys., wykr. ; _c24 cm. |
||
| 490 | 1 |
_aSkrypty Uczelniane Politechniki Świętokrzyskiej, _x0239-6386 ; _vnr 140. |
|
| 504 | _aBibliogr. s. 251. | ||
| 650 | 4 | _aHydraulika | |
| 655 | 4 | _aPodręczniki akademickie | |
| 830 | 0 |
_aSkrypty Uczelniane Politechniki Świętokrzyskiej, _vnr 140. |
|
| 856 |
_uhttp://koha.tu.koszalin.pl/cgi-bin/koha/opac-detail.pl?biblionumber=3731 _yKatalog online BPK |
||
| 942 |
_2UKD _cKS |
||
| 999 |
_c3731 _d3731 |
||